Insectos (Registo nº 4129)

Detalhes MARC
000 -Etiqueta do registo
Cabeçalho 00777cam a2200229 4500
005 - Identificador da versão
Campo de controlo 20240904101107.0
010 ## - Número internacional normalizado dos livros (ISBN)
Número (ISBN) 9727071422
100 ## - Dados gerais de processamento
Dados gerais de processamento 20070807d1996 demy0pory5003 ba
101 1# - Língua de publicação
Língua do texto, banda sonora, etc. Português
Língua do documento no original Inglês
102 ## - Pais de publicação ou produção
País de publicação Portugal
200 1# - Titulo e menção de responsabilidade
Título próprio Insectos
Informação de outro título [guia prático para reconhecer facilmente as variedades de insectos mais comuns da Europa]
Primeira menção de responsabilidade Pamela Forey e Cecilia Fitzsimons
Outras menções de responsabilidade trad., rev. técn. e notas [de] Lília Esteves
210 ## - Publicação, Distribuição, etc. 
Lugar da edição, distribuição, etc. Lisboa
Nome do editor, distribuidor, etc. Plátano
Data da publicação, distribuição, etc. 1996
215 ## - Descrição física 
Indicação específica da natureza do documento e extensão da espécie 126 p.
Outras indicações físicas muito il. color.
Dimensões 18 cm
225 1# - Colecção 
Título próprio da colecção Pequenos guias da natureza
675 ## - Classificação Decimal Universal (CDU)
Notação 595.7(4)
Edição BN
Língua da edição por
Notação 595.7
Edição BN
Língua da edição por
700 ## - Nome de autor-pessoa física (responsabilidade principal)
Número de registo de entrada de autoridade 0000762
Palavra de ordem Forey
Outra parte do nome não tomada para palavra de ordem Pamela
701 ## - Nome de autor-pessoa física (co-responsabilidade principal)
Palavra de ordem Fitzsimons
Outra parte do nome não tomada para palavra de ordem Cecilia
Código de função Autor / Co-autor
702 ## - Nome de autor-pessoa física (responsabilidade secundária)
Número de registo de entrada de autoridade 0000764
Palavra de ordem Esteves
Outra parte do nome não tomada para palavra de ordem Lília
Código de função Tradutor
-- Revisor
-- Anotador
942 ## - Elementos de entrada adicionados (Koha)
Tipo de item no Koha Livro
Exemplares
Situação do levantamento Origin of item (home branch) (coded) Biblioteca de empréstimo Código de barras Cota Circulation type (not for loan) Tipo de documento Nota do exemplar Damaged status
  Biblioteca Escolar das Vendas Biblioteca Escolar das Vendas BEV608 5ZOO FOR   Livro Sem mensagem